000 00240nam a2200097Ia 4500
001 683458
005 20250826161438.0
008 250824s9999 xx 000 0 und d
245 0 _aMAVİ MADALYON
_cYILMAZ ERDOĞAN
260 _bTİMAŞ YAYINLARI
999 _c683458
_d683458